Central Library OPAC University of Rajshahi

The Edo inheritance / (Record no. 63870)

MARC details
000 -LEADER
fixed length control field 01119nam a2200337 a 4500
001 - CONTROL NUMBER
control field 63870
003 - CONTROL NUMBER IDENTIFIER
rucl marc code BD-RjUL
005 - DATE AND TIME OF LATEST TRANSACTION
control field 20211209081239.0
008 - FIXED-LENGTH DATA ELEMENTS--GENERAL INFORMATION
fixed length control field 170204s2009 ja a 001 0 eng d
020 ## - INTERNATIONAL STANDARD BOOK NUMBER
International Standard Book Number 9784903452142
International Standard Book Number 492497126X
035 ## - SYSTEM CONTROL NUMBER
System control number (BD-RjUL)64000
040 ## - CATALOGING SOURCE
Original cataloging agency DLC
Transcribing agency DLC
Language of cataloging eng
041 1# - LANGUAGE CODE
Language code of text/sound track or separate title eng
Language code of original jpn
066 ## - CHARACTER SETS PRESENT
Alternate G0 or G1 character set $1
082 ## - DEWEY DECIMAL CLASSIFICATION NUMBER
Edition number 23
Classification number 952.025
Author mark and year TSE 2009
100 1# - MAIN ENTRY--PERSONAL NAME
Personal name Tokugawa, Tsunenari,
Dates associated with a name 1940-
9 (RLIN) 189637
245 14 - TITLE STATEMENT
Title The Edo inheritance /
Statement of responsibility, etc. Tokugawa Tsunenari ; translated by Tokugawa Iehiro.
250 ## - EDITION STATEMENT
Edition statement 1st English ed.
260 ## - PUBLICATION, DISTRIBUTION, ETC. (IMPRINT)
Place of publication, distribution, etc. Tōkyō :
Name of publisher, distributor, etc. International House of Japan,
Date of publication, distribution, etc. c2009.
300 ## - PHYSICAL DESCRIPTION
Pagination xii, 200 p. :
Illustrations ill. ;
Size 24 cm.
490 0# - SERIES STATEMENT
Series statement LTCB international library selection ;
Volume/sequential designation no. 25
500 ## - GENERAL NOTE
General note Original title "Edo no idenshi" (Tokyo : PHP Kenyujo, 2007).
General note Includes index.
650 #0 - SUBJECT ADDED ENTRY--TOPICAL TERM
Topical term or geographic name as entry element National characteristics, Japanese.
9 (RLIN) 184472
651 #0 - SUBJECT ADDED ENTRY--GEOGRAPHIC NAME
Geographic name Japan
General subdivision History
Chronological subdivision Tokugawa period, 1600-1868.
9 (RLIN) 185254
Geographic name Japan
General subdivision Social life and customs
Chronological subdivision 1600-1868.
9 (RLIN) 189638
942 ## - ADDED ENTRY ELEMENTS (KOHA)
Source of classification or shelving scheme Dewey Decimal Classification
Koha item type Books
Holdings
Lost status Source of classification or shelving scheme Damaged status Not for loan Collection code Permanent Location Current Location Shelving location Date acquired Source of acquisition Total Checkouts Full call number Date last seen Copy number Koha item type
  Dewey Decimal Classification   Not For Loan Non-fiction Central Library, University of Rajshahi Central Library, University of Rajshahi Reading Room 31/05/2009 Japanese International   952.025 TSE 2009 04/02/2017 C-1 Books